[Event "Mislata op 56th"]
[Site "Mislata"]
[Date "2023.08.17"]
[Round "6"]
[White "Salvador Buiza, Victor"]
[Black "Camarillas Castellano, Pau"]
[Result "1-0"]
[WhiteElo "2102"]
[BlackElo "1947"]
[PlyCount "53"]
[EventDate "2023.08.14"]
[EventType "swiss"]
[EventRounds "9"]
[EventCountry "ESP"]
[SourceTitle "CBM 215 Extra"]
[Source "ChessBase"]
[SourceDate "2023.09.30"]
[SourceVersion "1"]
[SourceVersionDate "2023.09.30"]
[SourceQuality "1"]

1. d4 Nf6 2. Nc3 d5 3. Bg5 e6 4. Qd3 c5 5. dxc5 Bxc5 6. 0-0-0 Be7 7. e4 Nxe4 8. Bxe7 Qxe7 9. Nxe4 dxe4 10. Qxe4 Nc6 11. Nf3 Bd7 12. Bb5 0-0-0 13. Rd3 a6 14. Ba4 Kb8 15. Ne5 f5 16. Qf4 Nxe5 17. Qxe5+ Ka8 18. Qc7 Qg5+ 19. f4 Qxg2 20. Rhd1 Bxa4 21. Rxd8+ Rxd8 22. Rxd8+ Ka7 23. Qc5+ b6 24. Qc7+ Qb7 25. Qxb7+ Kxb7 26. Rg8 Kc6 27. b3 1-0

[Event "Mislata op 56th"]
[Site "Mislata"]
[Date "2023.08.15"]
[Round "3"]
[White "Camarillas Castellano, Pau"]
[Black "Garrido Olivares, Ricard"]
[Result "1/2-1/2"]
[WhiteElo "1947"]
[BlackElo "2195"]
[PlyCount "147"]
[EventDate "2023.08.14"]
[EventType "swiss"]
[EventRounds "9"]
[EventCountry "ESP"]
[SourceTitle "CBM 215 Extra"]
[Source "ChessBase"]
[SourceDate "2023.09.30"]
[SourceVersion "1"]
[SourceVersionDate "2023.09.30"]
[SourceQuality "1"]

1. d4 d5 2. c4 e6 3. Nc3 Nf6 4. cxd5 exd5 5. Bg5 c6 6. Qc2 Be7 7. e3 Nbd7 8. Bd3 h6 9. Bh4 Nh5 10. Bxe7 Qxe7 11. Nge2 Nb6 12. Bf5 0-0 13. Bxc8 Raxc8 14. Ng3 Nxg3 15. hxg3 Nc4 16. 0-0 Rfe8 17. Rfe1 Nd6 18. Na4 g6 19. b4 Kg7 20. Nc5 Qg5 21. Qe2 Rc7 22. Qf3 Qd8 23. a4 a6 24. Rab1 Rce7 25. Red1 h5 26. Rb3 Rc7 27. Nd3 Qe7 28. Nf4 Rd7 29. Ne2 Rh8 30. Nc3 b5 31. a5 g5 32. Ne2 Nc4 33. Nc1 Rd6 34. Qf5 h4 35. gxh4 Rxh4 36. Ne2 Rdh6 37. Ng3 f6 38. Kf1 Nd6 39. Qc2 Qd7 40. f3 f5 41. Rc3 f4 42. Rxc6 Nc4 43. Rxc4 bxc4 44. Nf5+ Kf6 45. Nxh6 Rxh6 46. e4 dxe4 47. Qxe4 Rh1+ 48. Ke2 Rxd1 49. Kxd1 Qa4+ 50. Ke2 Qa2+ 51. Kf1 Qa1+ 52. Kf2 Qb2+ 53. Kg1 Qxb4 54. Qc6+ Ke7 55. Qxa6 c3 56. Qa7+ Kd6 57. Qa6+ Kd5 58. Qa8+ Kc4 59. Qe4 Qxa5 60. d5+ Kc5 61. Qe7+ Kb5 62. Qe8+ Kb4 63. Qe4+ Ka3 64. Qc2 Qb6+ 65. Kh2 Qb2 66. Qd3 Qd2 67. Qa6+ Kb2 68. Qb5+ Kc1 69. Qa5 Kd1 70. d6 Ke2 71. d7 Kf1 72. Qa1+ Kf2 73. Qa7+ Kf1 74. Qa1+ 1/2-1/2